LDR 00986naa#a2200181#i#450# 001 RU\\bibl\126244 005 20260704072021.6 011 ## _a2658-3488 100 ## _a20260630b2026####ek#y0rusy0150####ca 102 ## _aRU 200 1# _aРАЗРАБОТКА МЕТОДОЛОГИИ КЛАССИФИКАЦИИ КОММИТОВ В GIT-РЕПОЗИТОРИЯХ С ИСПОЛЬЗОВАНИЕМ МАШИННОГО ОБУЧЕНИЯ _eЖурнальная статья 210 1# _aБрянск _cБрянский государственный технический университет _d2026 215 ## _a6 с. 608 ## _aЖурнальная статья _2local 675 ## _aПрикладные системы искусственного интеллекта. Интеллектуальные системы, обладающие знаниями. 004.89 _z 700 #1 _aКопелиович _gДмитрий Игоревич 700 #1 _aКургуз _gМихаил Андреевич 856 4# _azh-szf.ru _u